Who Invented it? - Statistics

General Stats
  • This quiz has been taken 21 times
  • The average score is 6 of 10
Answer Stats
Hint Answer % Correct
Telephone Alexander Graham Bell
100%
Light bulb Thomas Alva Edison
100%
E=mc^2 Albert Einstein
90%
Airplane Orville Wright and Wilbur Wright
90%
Telescope Galileo Galilei
70%
Steam Engine James Watt
55%
Computer(design) Charles Babbage
30%
AC (air conditioner) Willis Carrier
15%
Piano Bartolomeo Cristofori
10%
Clock Peter Henlien
0%
No matching quizzes found
Score Distribution
Percent of People with Each Score
Percentile by Number Answered
Your Score History
You have not taken this quiz